Souvenirs sur la Révolution, l'Empire et la Restauration / (Record no. 163683)

MARC details
000 -LEADER
campo de control de longitud fija 00539nam a22001575i 4500
001 - NÚMERO DE CONTROL
campo de control 163683
003 - IDENTIFICADOR DE NÚMERO DE CONTROL
campo de control ES-MaACL
005 - FECHA Y HORA DE LA ÚLTIMA TRANSACCIÓN
campo de control 20230906212805.0
008 - DATOS DE LONGITUD FIJA--INFORMACIÓN GENERAL
campo de control de longitud fija 990916s1892 fr af |||| | fre d
040 ## - FUENTE DE CATALOGACIÓN
Centro catalogador/agencia de origen CAM
Lengua de catalogación spa
Centro/agencia transcriptor CAM
100 3# - ENTRADA PRINCIPAL--NOMBRE DE PERSONA
Nombre de persona Rochechouart, Comte de.
9 (RLIN) 131914
245 10 - MENCIÓN DEL TÍTULO
Título Souvenirs sur la Révolution, l'Empire et la Restauration /
Mención de responsabilidad, etc. par le Général Comte de Rochechouart.
260 ## - PUBLICACIÓN, DISTRIBUCIÓN, ETC.
Lugar de publicación, distribución, etc. Paris :
Nombre del editor, distribuidor, etc. E. Plon, Nourrit et C\pie\s,
Fecha de publicación, distribución, etc. 1892.
300 ## - DESCRIPCIÓN FÍSICA
Extensión XI, 541 p., [2] h. de lám. ;
Dimensiones 22 cm.
852 ## - LOCALIZACIÓN
Ubicación ES-MaACL
Número de control de estantería F-6810
Nota libre -- Rust.
Holdings
Estatus retirado Estado de pérdida Estado de daño No para préstamo Colección Biblioteca de origen Biblioteca actual Ubicación en estantería Fecha de adquisición Fuente de adquisición Total de préstamos Signatura topográfica completa Código de barras Visto por última vez Precio de reemplazo Tipo de ítem Koha
        Libros del s. XIX Biblioteca del Ateneo de Madrid Biblioteca del Ateneo de Madrid Depósito 2 17/01/2008     F-6810 1171526 23/02/2023 23/02/2023 Libro impreso antiguo